[Event "GER-ch U10"]
[Site "Willingen"]
[Date "2006.06.04"]
[Round "2"]
[White "Raecke, Geesche"]
[Black "Toker, David"]
[Result "0-1"]
[WhiteElo "970"]
[BlackElo "1118"]
[PlyCount "54"]
[EventDate "2006.06.04"]
[EventType "swiss"]
[EventRounds "11"]
[EventCountry "GER"]
[SourceTitle "EXT 2007"]
[Source "ChessBase"]
[SourceDate "2006.11.23"]
[SourceVersion "1"]
[SourceVersionDate "2006.11.23"]
[SourceQuality "1"]

1. e4 c6 2. Nc3 d5 3. d3 dxe4 4. Nxe4 Nd7 5. Bf4 Ngf6 6. Nxf6+ Nxf6 7. Qd2 g6 8. 0-0-0 Bg7 9. g3 0-0 10. Nf3 Be6 11. Kb1 a5 12. Bg2 b5 13. Ne5 Nd5 14. Nxc6 Qd7 15. Nxa5 Qa7 16. a3 Qxa5 17. c4 Qxd2 18. Bxd2 bxc4 19. dxc4 Nb6 20. Bxa8 Rxa8 21. c5 Nc4 22. Bb4 Nxb2 23. Rd2 Nc4 24. Rc2 Nxa3+ 25. Bxa3 Rxa3 26. c6 Bf5 27. c7 Ra1# 0-1